000 00314nam a22001337a 4500
008 171019b xxu||||| |||| 00| 0 eng d
020 _a0674259858
041 _aeng
080 _a338
100 _a53
101 _aMEN
245 _aEQUALITY, THE THIRD WORLD, AND ECONOMIC DELUSION
_cBAUER,P,T
942 _2udc
_cBK
999 _c34897
_d34897